MARC

LEADER 00000nas a2200000 a 4500
001 ssj0019591
003 WaSeSS
005 20200512172242.0
006 m d
007 cr n
008 840207c19829999qeafx p s 0 a0eng c
010 |a  95659191   |z sn 85010584  
015 |a 010939598  |2 dnb 
016 7 |a 010939598  |2 DE-101 
016 7 |a 155402-5  |2 DE-600 
016 7 |a 010472053  |2 Uk 
016 7 |a 155402--5  |2 DE-600 
016 7 |a 1554025  |2 DE-600 
022 |l 0811-6202  |y 0811-6202 
030 |a AJCOEJ 
035 |a (WaSeSS)ssj0019591 
037 |b The School of Communication, Queensland Institute of Technology, GPO Box 2434, Brisbane, Queensland 4001 Australia. 
040 |a WYU  |b eng  |c WYU  |d NST  |d EBZ  |d NST  |d CAS  |d DLC  |d OCLCQ  |d CLU  |d OCLCQ  |d DLC  |d OCLCQ  |d GBVCP  |d UKMGB  |d OCLCQ  |d OCLCF  |d OCLCO  |d I8M  |d OCLCQ  |d OCLCA  |d PAU  |d AU@  |d RDF  |d NJR  |d WaSeSS 
042 |a pcc 
050 0 0 |a P87  |b .A87 
082 0 0 |a 302.23/05  |2 20 
245 0 0 |a Australian journal of communication  |h [electronic resource]. 
260 |a Brisbane, Australia :  |b Communication Institute,  |c 1982- 
310 |a Two no. a year 
362 0 |a No. 1-2 (Jan.-Dec. 1982)- 
506 |a License restrictions may limit access. 
550 |a Published for: Australian Communication Association, 1982- ; for: Australian and New Zealand Communication Association, <1995-> 
550 |a Issued by: the School of Communication and the Communication Centre, Queensland University of Technology, <1995-> 
588 |a Latest issue consulted: Vol. 22(1), published in 1995. 
650 0 |a Communication  |v Periodicals. 
650 0 |a Mass media  |v Periodicals. 
650 7 |a Communication.  |2 fast  |0 (OCoLC)fst00869952 
650 7 |a Mass media.  |2 fast  |0 (OCoLC)fst01011219 
650 7 |a Communication. Periodicals.  |2 precis 
655 0 |a Electronic journals. 
710 2 |a Queensland Institute of Technology.  |b Communication Institute. 
710 2 |a Australian Communication Association. 
710 2 |a Australian and New Zealand Communication Association. 
710 2 |a Queensland University of Technology.  |b School of Communication. 
710 2 |a Queensland University of Technology.  |b Communication Centre. 
780 0 0 |t Australian scan  |w (DLC)sn 92014339  |w (OCoLC)7680814 
850 |a DLC  |a NcU  |a NjR  |a WyU 
856 4 0 |z Full text available from Research Library: 01/01/2009 to 04/30/2013  |u https://search.proquest.com/publication/105787